Quizzes
Events
Quiz Creation
Community
Videos
Private Events
Remove Ads
Sign In
Join for FREE
Feedback
Dark Mode
Quiz Categories
Sports
Geography
Music
Movies
Television
Just For Fun
Miscellaneous
History
Literature
Language
Science
Gaming
Entertainment
Religion
Holiday
For Kids
Quiz Lab
Recent
Popular Today
Quiz Kudos Today
Editor Picks
Curator Picks
Quizzes by...
Day
Popularity
Type
Ratings
Length
Year
Community
Subscriptions
Recent Discussions
Orange Saloon
Badges
Playlists
Quests
Create
Leaderboards
Showdown
Live 5
Trivia Bingo
Activity
Puzzle Library
Sporcle Events
Private Events
Virtual Trivia
Globe League
Become a Host
Pub Owners
SporcleCon
Opinionation
Our Games
Videos
Blog
Mobile Apps
Partnerships
Remove Ads and Go Orange
Feedback
Sports
Athletes
MLB
NBA
NHL
NFL
Soccer
Sports Teams
WWE
NCAA
Football
Premier League
Basketball
Baseball
Hockey
Golf
Tennis
Cricket
Rugby
Auto Racing
Olympics
World Cup
Sports
Athletes
MLB
NBA
NHL
NFL
Soccer
Sports Teams
WWE
NCAA
Football
Premier League
Basketball
Baseball
Hockey
Golf
Tennis
Cricket
Rugby
Auto Racing
Olympics
World Cup
Random Quiz
Search Sporcle
×
Quiz Lab
Quiz Lab
Sports
normal
Type in answers that appear in a list
Type in answers that appear in a list
Classic
Best Score? Go Orange.
Ski Jumping Normal Hill WCh Top6 Stats
Can you name the Top6 of Ski Jumping Normal Hill WCh ?
By
baxx
15m
75 Questions
808 Plays
808 Plays
808 Plays
Comments
Comments
Give Quiz Kudos
Give Quiz Kudos
-
- Ratings
hide this ad
Replay
Link that replays current quiz
Next Quiz
Link to next quiz in quiz playlist
You Got
0%
They Got
Avg Score
70%
Avg Friend Score
Upgrade to see
Score Distribution
Jump to the score distribution portion of the page
Score
0/75
Timer
15:00
0
Plays Today
% Correct
Adam Malysz
98.9%
Adam Malysz
98.9%
Adam Malysz
98.9%
Adam Malysz
98.8%
Simon Ammann
98.6%
Simon Ammann
98.6%
Thomas Morgenstern
97.8%
Janne Ahonen
97.3%
Janne Ahonen
97.3%
Janne Ahonen
97.3%
Janne Ahonen
97.2%
Adam Malysz
97%
Simon Ammann
96.8%
Gregor Schlierenzauer
96%
Thomas Morgenstern
96%
Noriaki Kasai
94.8%
Noriaki Kasai
94.8%
Martin Schmitt
94.6%
Martin Schmitt
94.6%
Kamil Stoch
94.3%
Kamil Stoch
93.6%
Andreas Kofler
92.1%
Jakub Janda
91.8%
Wolfgang Loitzl
91.2%
Wolfgang Loitzl
91.1%
Andreas Kofler
90.6%
Andreas Küttel
89.7%
Andreas Küttel
89.7%
Kazuyoshi Funaki
87.4%
Kazuyoshi Funaki
87.4%
Andreas Goldberger
80.7%
Andreas Goldberger
80.7%
Andreas Goldberger
80.7%
Andreas Goldberger
80.7%
Rok Benkovic
80.1%
Masahiko Harada
79.1%
Masahiko Harada
79.1%
Masahiko Harada
79.1%
% Correct
Masahiko Harada
79.1%
Takanobu Okabe
76.7%
Roar Ljökelsöy
75.1%
Björn Einar Romören
74.5%
Tom Hilde
72.6%
Jens Weissflog
72%
Jens Weissflog
72%
Martin Höllwarth
70.4%
Martin Höllwarth
70.4%
Hideharu Miyahira
69.8%
Hideharu Miyahira
69.8%
Tommy Ingebrigtsen
63.5%
Stefan Horngacher
58.5%
Matti Nykänen
58%
Robert Mateja
56.9%
Toni Nieminen
53.1%
Georg Späth
53%
Jernej Damjan
53%
Jaroslav Sakala
50%
Hiroya Saito
49.5%
Tami Kiuru
48.4%
Ari-Pekka Nikkola
47.9%
Ari-Pekka Nikkola
47.9%
Andreas Felder
40.8%
Heinz Kuttin
39.4%
Heinz Kuttin
39.4%
Sylvain Freiholz
35.8%
Arttu Lappi
33.7%
Mika Laitinen
32.7%
Ivan Lunardi
30.2%
Stephan Zünd
21.8%
Kazuhiro Higashi
19.8%
Didier Mollard
18.2%
Matjaz Debelak
10.6%
Kent Johanssen
9.5%
Samo Gostisa
4.3%
Jon Inge Kjörum
4%
Quiz Playlist
Details
Report
Send in Message
Add To Playlist
Classic:
Type in answers that appear in a list
Last Updated: Feb 16, 2017
Quiz Scoreboard
CHALLENGE
Sign Up to Join the Scoreboard
Show All
Scores
Hide
Comments
May contain spoilers
Recently Published
Movies - When Are They Set?
by FPL_Elf
Movies
5m
Popular People in 1961
by mucciniale
History
6m
1-10 Letter E Words III
by El_Dandy
Language
2m
More to Explore
Quiz From the Vault
Featured Blog Post
Where Did the Easter Bunny Come From?
hide this ad
You Might Also Like...
Tags
hill
Jumping
normal
ski
Top 6
Today's Top Quizzes in Sports
Browse Sports
hide this ad
Today's Top Quizzes in normal
Browse normal
Top Contributed Quizzes in Sports
1
Les meilleurs buteurs des matchs entre le PSG et l’OM
2
Les entraîneurs de l'OM et du PSG au 21e siècle
3
FIFA Club World Cup Champions
4
2022 World Cup Stars
5
Name the Premier League winners with different clubs
6
La finale Lions - Afrique du Sud 2021
7
Criteria MLB: Left Handed Sluggers
8
Players with Multiple 50 Home Run Seasons
9
MLB Players with Two .350 Batting Average Seasons
10
MLB Hall of Famer by Rings
Explore More
Trending Topics
Disney
Harry Potter
Kpop
Crossword
NBA
Marvel
Anime
Soccer
NFL
Puzzle
The Office
Song
Pokémon
WWE
Country
hide this ad
More By:
baxx
Quiz
Plays
Rating
Category
Featured
Created
Biathlon World Champions 1981-
2,608
5.00
Sports
Feb 23, 2011
Last player to score exact amount of points (NHL)
2,095
4.94
Sports
Mar 3, 2015
Nordic World Ski Champions 1982-
990
4.80
Sports
Feb 23, 2011
Ski Jumping Normal Hill WCh Top6
808
4.67
Sports
Feb 25, 2011
World Track and Field Champions Part I
681
4.75
Sports
Mar 9, 2011
Go to Creator's Profile
Score Distribution
Quiz Creator Spotlight
baxx
Follow
Send a Message
Quizzes Created
-
Created Quiz Play Count
-
More By This Creator
Popular Quizzes Today
1
Find the US States - No Outlines Minefield
2
Find the Countries of Europe - No Outlines Minefield
3
The Countries of the World
4
Popular People in 1961
5
1-10 Letter E Words III
6
US States
7
Find the US States
8
One Thing in Common: World Cities II
More Sports Quizzes
NFC North Week 1 Starters 2020-2021
Quiz Lab
Trending Quizzes
Risky Map Clicking: Least Populous States A-Z
1-10 Letter F Words
1-10 Letter G Words
One Thing in Common: United Kingdom
Risky Map Clicking: Next State Alphabetically
Recently Updated
Leaping Animals
pecheneg
Reality TV Shows (A-Z)
bhenderson79
Rickey Henderson's Hall of Fame Teammates
pecheneg
Champions League XIs: Arsenal
pecheneg
Quick Pick: Celebrities in WWE's Hall of Fame
aduchscher
A-Z Keypad Blitz II
pecheneg
Multiple Oscar Actors
pecheneg
Mystery Phrase Blitz: Oscar 'Best Actors'
pecheneg
F. Scott Fitzgerald Novels
LTH
Pick 3 Villains
ddd62291
Trending Topics
NBA
Disney
Harry Potter
Marvel
Crossword
Kpop
Anime
The Office
Song
WWE
Puzzle
Country
Soccer
NFL
Pokémon
Your Account Isn't Verified!
In order to create a playlist on Sporcle, you need to verify the email address you used during registration. Go to your
Sporcle Settings
to finish the process.
Report this User
Report this user for behavior that violates our
Community Guidelines
.
Details:
Send Report
Go to the Sporcle.com Mobile Site →
Comments